Viaje de exploración en la Patagonia Austral / (Record no. 27824)

MARC details
000 -LEADER
campo de control de longitud fija 00617nam a22002177a 4500
001 - NÚMERO DE CONTROL
campo de control 00027819
005 - FECHA Y HORA DE LA ÚLTIMA TRANSACCIÓN
campo de control 20260112111121.0
008 - DATOS DE LONGITUD FIJA--INFORMACIÓN GENERAL
campo de control de longitud fija 260112b ag a|||| |||| 00| 0 spa d
020 ## - NÚMERO INTERNACIONAL ESTÁNDAR DEL LIBRO
Número Internacional Estándar del Libro 9507541918
040 ## - FUENTE DE CATALOGACIÓN
Centro catalogador/agencia de origen AR-CcCEOS
Lengua de catalogación Español; Castellano
Centro/agencia transcriptor AR-CcCEOS
041 ## - CÓDIGO DE IDIOMA
Código de lengua del texto/banda sonora o título independiente Español; Castellano
080 ## - NÚMERO DE LA CLASIFICACIÓN DECIMAL UNIVERSAL
Número de la Clasificación Decimal Universal 910.4
090 ## - LOCALMENTE ASIGNADO TIPO-LC NÚMERO DE CLASIFICACIÓN (OCLC); NÚMERO DE CLASIFICACIÓN LOCAL (RLIN)
Número cutter local (OCLC) ; Número de libro/Signatura topográfica íntegra, CALL (RLIN) FON
100 1# - ENTRADA PRINCIPAL--NOMBRE DE PERSONA
Nombre de persona Fontana Iñiguez, Rodolfo,
Fechas asociadas al nombre 1924-1973
9 (RLIN) 31
245 ## - MENCIÓN DEL TÍTULO
Título Viaje de exploración en la Patagonia Austral /
Mención de responsabilidad, etc. Luis Jorge Fontana
250 ## - MENCION DE EDICION
Mención de edición 1ª ed.
264 ## - PRODUCCIÓN, PUBLICACIÓN, DISTRIBUCIÓN, FABRICACIÓN Y COPYRIGHT
Producción, publicación, distribución, fabricación y copyright Buenos Aires,
Nombre del de productor, editor, distribuidor, fabricante continente :
Fecha de producción, publicación, distribución, fabricación o copyright c2006
300 ## - DESCRIPCIÓN FÍSICA
Extensión 117 p.
Otros detalles físicos il. byn.
Dimensiones 24x15 cm.
655 #0 - TERMINO DE INDIZACIÓN--GENERO/FORMA
Datos o término principal de género/forma relatos de viajes
9 (RLIN) 32
942 ## - ELEMENTOS DE ENTRADA SECUNDARIOS (KOHA)
Fuente de la clasificación o esquema de estantería Clasificación decimal universal
Tipo de ítem Koha Libros
Suprimir en OPAC No
Holdings
Estatus retirado Estado de pérdida Fuente de la clasificación o esquema de estantería Estado de daño No para préstamo Biblioteca de origen Biblioteca actual Fecha de adquisición Fuente de adquisición Número de inventario Total de préstamos Signatura topográfica completa Información codificada de la localización en otra ubicación Colección Código de barras Visto por última vez Precio de reemplazo Tipo de ítem Koha
    Clasificación decimal universal     Biblioteca Julio Serebrinsky Biblioteca Julio Serebrinsky 12/01/2026 Compra 45724   910.4 FON SER 45724 12/01/2026 12/01/2026 Libros